00738nam a2200181 a 4500003000200000005001700002008004100019050003200060100002600092245010600118260009300224300004100317504004100358650003100399650005000430650003600480650004000516020250213100136.0120718s19uu xx 00 eng d aPGS SB 110.M35b.Ac172 2012 aAcdal, Eliza Kylle B. aThe use of mixed manure as fertilizer on okra plant (Abelmoschus esculentus) /cEliza Kylle B. Acdal. aLas Piñas City, Philippines : bSouthville International School and Colleges, c2012. a25 pages :billustrations ; c28 cm. aIncludes bibliographical references. aManuresvAgricultural use. aOrganic fertilizersvEffects on plant growth. aOkravGrowth and fertilization. aSoil fertilityvOrganic amendments.